[Event "CZE-chT2A 2223"]
[Site "Czech Republic"]
[Date "2023.03.26"]
[Round "11.2"]
[White "Vybiral, Zdenek"]
[Black "Illetsko, Jaroslav"]
[Result "1-0"]
[WhiteElo "2130"]
[BlackElo "2067"]
[PlyCount "101"]
[EventDate "2022.10.16"]
[EventType "team-tourn"]
[EventRounds "11"]
[EventCountry "CZE"]
[SourceTitle "EXT 2024"]
[Source "ChessBase"]
[SourceDate "2023.10.10"]
[SourceVersion "1"]
[SourceVersionDate "2023.10.10"]
[SourceQuality "1"]
[WhiteTeam "Tabor"]
[BlackTeam "Vysehrad II"]
[WhiteTeamCountry "CZE"]
[BlackTeamCountry "CZE"]

1. d4 Nf6 2. c4 g6 3. Nc3 Bg7 4. e4 d6 5. Be2 c6 6. Nf3 0-0 7. 0-0 h6 8. Qc2 Bg4 9. Be3 Nbd7 10. Rfd1 Qc7 11. Rac1 Rac8 12. b4 a6 13. c5 dxc5 14. bxc5 Bxf3 15. Bxf3 e6 16. g3 b5 17. cxb6 Nxb6 18. Qb3 Nfd7 19. d5 exd5 20. exd5 c5 21. Ne4 c4 22. Qb4 Rb8 23. d6 Qd8 24. Qa5 Ne5 25. Be2 Nbd7 26. Qxd8 Rfxd8 27. Bxc4 Nxc4 28. Rxc4 f5 29. Nc3 Rbc8 30. Rxc8 Rxc8 31. Nd5 Kf7 32. Nc7 a5 33. a4 Bf8 34. h4 Bxd6 35. Rxd6 Rxc7 36. Ra6 h5 37. Rxa5 Rc4 38. Kg2 Nf6 39. Ra7+ Ke6 40. Ra6+ Kf7 41. a5 Ng4 42. Ra7+ Ke6 43. Ra6+ Kf7 44. Bb6 f4 45. Ra7+ Ke6 46. a6 Ne5 47. gxf4 Rxf4 48. Rc7 Rg4+ 49. Kf1 Nd7 50. Be3 Kd6 51. a7 1-0

[Event "Ceske Budejovice op-A"]
[Site "Ceske Budejovice"]
[Date "2022.07.08"]
[Round "8"]
[White "Puncochar, Jiri"]
[Black "Vybiral, Zdenek"]
[Result "0-1"]
[WhiteElo "2020"]
[BlackElo "2143"]
[PlyCount "76"]
[EventDate "2022.07.01"]
[EventType "swiss"]
[EventRounds "9"]
[EventCountry "CZE"]
[SourceTitle "CBM 209 Extra"]
[Source "ChessBase"]
[SourceDate "2022.09.30"]
[SourceVersion "1"]
[SourceVersionDate "2022.09.30"]
[SourceQuality "1"]

1. e4 c5 2. Nf3 e6 3. d4 cxd4 4. Nxd4 a6 5. Bd3 Bc5 6. Nb3 Ba7 7. 0-0 d6 8. Qg4 Kf8 9. Bg5 Nf6 10. Qg3 Qc7 11. Bf4 e5 12. Be3 Bxe3 13. Qxe3 Nbd7 14. c3 a5 15. Na3 a4 16. Nd2 Qc5 17. Rfe1 Qxe3 18. Rxe3 Ke7 19. Bc4 Nb6 20. Rd1 Rd8 21. Be2 Be6 22. Ndc4 Ra6 23. f3 Nxc4 24. Bxc4 Rb6 25. Rd2 Rc8 26. Bxe6 Kxe6 27. Red3 Nd7 28. Rd5 g6 29. Kf2 f5 30. g3 fxe4 31. Nb5 Rcc6 32. Na7 Rc5 33. Rxc5 Nxc5 34. Ke3 exf3 35. Kxf3 d5 36. Ke3 Ne4 37. Rc2 Nd6 38. Kd3 Ra6 0-1

[Event "Ceske Budejovice op-A"]
[Site "Ceske Budejovice"]
[Date "2022.07.07"]
[Round "7"]
[White "Vybiral, Zdenek"]
[Black "Matras, Ondrej"]
[Result "1/2-1/2"]
[WhiteElo "2143"]
[BlackElo "2229"]
[PlyCount "167"]
[EventDate "2022.07.01"]
[EventType "swiss"]
[EventRounds "9"]
[EventCountry "CZE"]
[SourceTitle "CBM 209 Extra"]
[Source "ChessBase"]
[SourceDate "2022.09.30"]
[SourceVersion "1"]
[SourceVersionDate "2022.09.30"]
[SourceQuality "1"]

1. c4 g6 2. d4 Nf6 3. Nc3 Bg7 4. e4 d6 5. Nf3 0-0 6. Be2 e5 7. Be3 Nc6 8. d5 Ne7 9. Nd2 Nd7 10. b4 f5 11. f3 a5 12. a3 b6 13. Nb3 axb4 14. axb4 Rxa1 15. Qxa1 c5 16. bxc5 Nxc5 17. Nxc5 bxc5 18. Nb5 fxe4 19. fxe4 Kh8 20. Rf1 Ng8 21. Rxf8 Bxf8 22. Qa8 Be7 23. Bf3 Qf8 24. Ke2 Bd7 25. Qa7 Qc8 26. Qb6 Qf8 27. Qc7 Qc8 28. Qxc8 Bxc8 29. g4 Nf6 30. g5 Ne8 31. Kd3 Kg8 32. Bd1 Kf8 33. h4 Bd8 34. Nxd6 Nxd6 35. Bxc5 Ke7 36. Bb4 Ba6 37. Bb3 Kd7 38. Ba4+ Kc7 39. Bb3 Kd7 40. Bc3 Bc7 41. Ba4+ Ke7 42. Bxe5 Bxc4+ 43. Kd4 Bb6+ 44. Kc3 Be2 45. Bf6+ Kf7 46. Bc2 Bf3 47. e5 Ne4+ 48. Bxe4 Bxe4 49. e6+ Ke8 50. d6 Bc6 51. Kd3 Bf2 52. h5 gxh5 53. Ke2 Bc5 54. d7+ Bxd7 55. exd7+ Kxd7 56. Kf3 Ke6 57. Kg3 Kf5 58. Kh4 Kg6 59. Bd8 Bb4 60. Kh3 Be1 61. Be7 Kf5 62. Bd8 Bd2 63. Kh4 Kg6 64. Be7 Bf4 65. Bd8 Bd6 66. Kh3 Bc5 67. Kh4 Be3 68. Be7 Bf2+ 69. Kh3 Kf7 70. Bd8 Be1 71. Kg2 Ke6 72. Kh3 Kf5 73. Be7 Ba5 74. Kh4 Kg6 75. Kh3 Kf7 76. Bf6 Bb6 77. Kh4 Kg6 78. Be7 Ba5 79. Kh3 Kf7 80. Bf6 Bc7 81. Kh4 Kg6 82. Be7 Ba5 83. Kh3 Kf7 84. Bf6 1/2-1/2

[Event "Ceske Budejovice op-A"]
[Site "Ceske Budejovice"]
[Date "2022.07.06"]
[Round "6"]
[White "Radovic, Stefan"]
[Black "Vybiral, Zdenek"]
[Result "0-1"]
[WhiteElo "2018"]
[BlackElo "2143"]
[PlyCount "74"]
[EventDate "2022.07.01"]
[EventType "swiss"]
[EventRounds "9"]
[EventCountry "CZE"]
[SourceTitle "CBM 209 Extra"]
[Source "ChessBase"]
[SourceDate "2022.09.30"]
[SourceVersion "1"]
[SourceVersionDate "2022.09.30"]
[SourceQuality "1"]

1. e4 c5 2. c3 Nf6 3. e5 Nd5 4. Nf3 e6 5. d4 cxd4 6. cxd4 b6 7. Nc3 Nxc3 8. bxc3 Qc7 9. Bd2 Be7 10. Bd3 Ba6 11. Bxa6 Nxa6 12. 0-0 Qc4 13. Re1 Nc7 14. Re4 Nd5 15. Rg4 g6 16. h4 Rc8 17. a4 Qd3 18. Ne1 Qf5 19. Rc1 Rc4 20. Qb3 Qxg4 21. Qxc4 0-0 22. Nf3 Bxh4 23. Qd3 f6 24. Re1 Bg5 25. Re4 Qh5 26. c4 Bxd2 27. Qxd2 Qf5 28. Rh4 g5 29. Rh3 Nf4 30. Rg3 Nh5 31. Rh3 g4 32. Nh4 Qb1+ 33. Kh2 gxh3 34. Qh6 hxg2 35. Kxg2 Qe4+ 36. Kh3 Nf4+ 37. Kh2 fxe5 0-1

[Event "Ceske Budejovice op-A"]
[Site "Ceske Budejovice"]
[Date "2022.07.05"]
[Round "5"]
[White "Vybiral, Zdenek"]
[Black "Maryasin, Boris Feliksovich"]
[Result "0-1"]
[WhiteElo "2143"]
[BlackElo "2260"]
[PlyCount "60"]
[EventDate "2022.07.01"]
[EventType "swiss"]
[EventRounds "9"]
[EventCountry "CZE"]
[SourceTitle "CBM 209 Extra"]
[Source "ChessBase"]
[SourceDate "2022.09.30"]
[SourceVersion "1"]
[SourceVersionDate "2022.09.30"]
[SourceQuality "1"]

1. e4 c5 2. Nf3 Nc6 3. d4 cxd4 4. Nxd4 Qb6 5. Nb3 Nf6 6. Nc3 e6 7. a3 Qc7 8. Be3 a6 9. f4 d6 10. g4 b5 11. g5 Nd7 12. Qd2 Bb7 13. Qf2 g6 14. 0-0-0 b4 15. axb4 Nxb4 16. h4 Bg7 17. Bd4 e5 18. fxe5 dxe5 19. Bc5 Nxc5 20. Nxc5 Bc8 21. Bc4 0-0 22. h5 gxh5 23. Rxh5 Bg4 24. Rh4 Bxd1 25. Qf5 h5 26. gxh6 Qe7 27. hxg7 Qxh4 28. gxf8Q+ Rxf8 29. Nd7 Bxc2 30. Nd1 Qh6+ 0-1

[Event "Prague Menchik Memorial Rapid"]
[Site "Prague"]
[Date "2022.06.05"]
[Round "6"]
[White "Rusnak, Jan"]
[Black "Vybiral, Zdenek"]
[Result "0-1"]
[WhiteElo "1985"]
[BlackElo "2167"]
[PlyCount "68"]
[EventDate "2022.06.05"]
[EventType "swiss (rapid)"]
[EventRounds "7"]
[EventCountry "CZE"]
[SourceTitle "CBM 208 Extra"]
[Source "ChessBase"]
[SourceDate "2022.07.31"]
[SourceVersion "1"]
[SourceVersionDate "2022.07.31"]
[SourceQuality "1"]

1. e4 c5 2. c3 e6 3. d4 d5 4. exd5 exd5 5. Nf3 a6 6. Be3 c4 7. Be2 Bd6 8. 0-0 Nf6 9. a4 Nc6 10. b3 cxb3 11. Qxb3 h6 12. h3 0-0 13. Bd3 Re8 14. Nbd2 Na5 15. Qc2 Bd7 16. Nb3 Rc8 17. Rfb1 Nc4 18. Bxc4 Rxc4 19. Nbd2 Rc7 20. Qb3 Qc8 21. Rc1 b5 22. a5 Bf5 23. Nf1 Bd3 24. Bd2 Bc4 25. Qb2 Be2 26. Re1 Bxf3 27. Rxe8+ Nxe8 28. gxf3 Qxh3 29. Re1 Nf6 30. Qc1 Qxf3 31. Bxh6 Qg4+ 32. Ng3 Bxg3 33. fxg3 Qxg3+ 34. Kf1 Qh3+ 0-1

[Event "CZE-chT1W 2122"]
[Site "Czech Republic"]
[Date "2022.02.20"]
[Round "9.1"]
[White "Vybiral, Zdenek"]
[Black "Ocelak, Jakub"]
[Result "1-0"]
[WhiteElo "2161"]
[BlackElo "2162"]
[PlyCount "95"]
[EventDate "2021.10.10"]
[EventType "team-tourn"]
[EventRounds "11"]
[EventCountry "CZE"]
[SourceTitle "EXT 2023"]
[Source "ChessBase"]
[SourceDate "2022.10.05"]
[SourceVersion "1"]
[SourceVersionDate "2022.10.05"]
[SourceQuality "1"]
[WhiteTeam "Ceske Budejovice"]
[BlackTeam "Unichess"]
[WhiteTeamCountry "CZE"]
[BlackTeamCountry "CZE"]

1. e4 c6 2. c4 d5 3. exd5 cxd5 4. cxd5 Nf6 5. Nc3 g6 6. Bb5+ Nbd7 7. Nge2 Bg7 8. 0-0 a6 9. Ba4 0-0 10. d6 exd6 11. d4 b5 12. Bb3 Nb6 13. Bg5 Bb7 14. a3 Qd7 15. Qd2 Nbd5 16. f3 a5 17. Ne4 Nxe4 18. fxe4 Nb6 19. Ng3 Nc4 20. Bxc4 bxc4 21. Bf6 Rae8 22. Bxg7 Kxg7 23. Qg5 Kh8 24. Rae1 Re6 25. Rf4 f6 26. Qxa5 Kg7 27. Ref1 Qe7 28. d5 Re5 29. Qc3 Ba6 30. R1f2 Rf7 31. Qf3 Bc8 32. h4 h5 33. Qc3 Ba6 34. Qc2 Qb7 35. R2f3 Qb6+ 36. Kh2 Qd4 37. Qa4 Bc8 38. Qc6 Bg4 39. Rf2 g5 40. hxg5 h4 41. gxf6+ Kh6 42. Nf5+ Bxf5 43. exf5 Re4 44. Qxd6 Kg5 45. Rxe4 Qxf2 46. Qb8 Rxf6 47. Qg8+ Kxf5 48. Qg4# 1-0

[Event "CZE-chT1W 2122"]
[Site "Czech Republic"]
[Date "2022.02.06"]
[Round "8.1"]
[White "Vybiral, Zdenek"]
[Black "Postupa, Pavel1111"]
[Result "1-0"]
[WhiteElo "2161"]
[BlackElo "2253"]
[PlyCount "123"]
[EventDate "2021.10.10"]
[EventType "team-tourn"]
[EventRounds "11"]
[EventCountry "CZE"]
[SourceTitle "EXT 2023"]
[Source "ChessBase"]
[SourceDate "2022.10.05"]
[SourceVersion "1"]
[SourceVersionDate "2022.10.05"]
[SourceQuality "1"]
[WhiteTeam "Ceske Budejovice"]
[BlackTeam "Pankrac"]
[WhiteTeamCountry "CZE"]
[BlackTeamCountry "CZE"]

1. c4 g6 2. e4 c5 3. Nf3 Bg7 4. d4 cxd4 5. Nxd4 Nc6 6. Be3 Nf6 7. Nc3 d6 8. Be2 0-0 9. 0-0 Nxd4 10. Bxd4 Be6 11. f4 a5 12. b3 a4 13. Nxa4 Nxe4 14. Bf3 d5 15. Re1 Bxd4+ 16. Qxd4 Nf6 17. Nc5 dxc4 18. Nxe6 fxe6 19. Qxd8 Rfxd8 20. bxc4 Kf7 21. a4 Rd4 22. Bxb7 Ra7 23. Reb1 Rxc4 24. a5 Nd7 25. g3 Rc5 26. a6 Nb8 27. Rb6 Nd7 28. Rb2 Nb8 29. Rbb1 Nc6 30. Rb6 Nd4 31. Be4 Rb5 32. Rb7 Rbxb7 33. Bxb7 Nb3 34. Ra3 Nc5 35. Bc8 Ke8 36. Ra5 Nd7 37. Bb7 Kd8 38. Ra4 Nc5 39. Rd4+ Kc7 40. Rc4 Kb6 41. Rb4+ Ka5 42. Rb1 Nxa6 43. Bxa6 Kxa6 44. Rb8 e5 45. fxe5 Rd7 46. Rh8 Rd5 47. Rxh7 Rxe5 48. Rh6 Rg5 49. Kf2 Kb7 50. h4 Rf5+ 51. Ke3 Kc7 52. Rxg6 Kd7 53. g4 Ra5 54. Rg8 Ke6 55. Rf8 Kd5 56. h5 Ra3+ 57. Kf4 e5+ 58. Kg5 e4 59. h6 Rh3 60. Re8 e3 61. Kg6 Kd4 62. h7 1-0

[Event "CZE-chT1W 2122"]
[Site "Czech Republic"]
[Date "2021.12.12"]
[Round "5.1"]
[White "Nemec, Jachym"]
[Black "Vybiral, Zdenek"]
[Result "1-0"]
[WhiteElo "2286"]
[BlackElo "2161"]
[PlyCount "91"]
[EventDate "2021.10.10"]
[EventType "team-tourn"]
[EventRounds "11"]
[EventCountry "CZE"]
[SourceTitle "EXT 2023"]
[Source "ChessBase"]
[SourceDate "2022.10.05"]
[SourceVersion "1"]
[SourceVersionDate "2022.10.05"]
[SourceQuality "1"]
[WhiteTeam "Ricany Betsys"]
[BlackTeam "Ceske Budejovice"]
[WhiteTeamCountry "CZE"]
[BlackTeamCountry "CZE"]

1. d4 Nf6 2. c4 e6 3. Nc3 Bb4 4. e3 c5 5. Nf3 Nc6 6. Bd3 Bxc3+ 7. bxc3 d6 8. e4 e5 9. d5 Ne7 10. 0-0 Ng6 11. Qc2 Nh5 12. g3 Bh3 13. Re1 h6 14. Be3 0-0 15. Nd2 Ngf4 16. Bf1 Qd7 17. f3 Bxf1 18. Rxf1 Nh3+ 19. Kh1 Ng5 20. Nb3 Qa4 21. f4 exf4 22. gxf4 Nh7 23. Qe2 N5f6 24. e5 Nd7 25. Rg1 Kh8 26. Qg2 Rg8 27. e6 fxe6 28. dxe6 Nb6 29. Qxb7 Qxc4 30. f5 Nd5 31. Rae1 Rab8 32. Qc6 Rb6 33. Nd2 Qd3 34. Qd7 Nxe3 35. Nf3 Nxf5 36. Ne5 Qd5+ 37. Rg2 Nf6 38. Ng6+ Kh7 39. Qf7 Rb2 40. Nf4 Qf3 41. Qg6+ Kh8 42. Qxf5 Rf2 43. Ng6+ Kh7 44. Nf8+ Kh8 45. Qh7+ Nxh7 46. Ng6# 1-0

[Event "Stare Mesto op"]
[Site "Stare Mesto"]
[Date "2021.08.13"]
[Round "1"]
[White "Vybiral, Zdenek"]
[Black "Blazek, Matej"]
[Result "1-0"]
[WhiteElo "2184"]
[BlackElo "1743"]
[PlyCount "55"]
[EventDate "2021.08.13"]
[EventType "swiss"]
[EventRounds "9"]
[EventCountry "CZE"]
[SourceTitle "CBM 203 Extra"]
[Source "ChessBase"]
[SourceDate "2021.09.30"]
[SourceVersion "1"]
[SourceVersionDate "2021.09.30"]
[SourceQuality "1"]

1. c4 e5 2. Nc3 Nc6 3. Nf3 f5 4. g3 d6 5. d4 e4 6. Nh4 Be7 7. Ng2 Bf6 8. Be3 g6 9. f3 exf3 10. exf3 Nge7 11. d5 Ne5 12. f4 Ng4 13. Bd4 0-0 14. Be2 Bxd4 15. Qxd4 Nf6 16. 0-0 Bd7 17. Bf3 a6 18. Rad1 Qe8 19. Rfe1 Qf7 20. c5 Nc8 21. c6 bxc6 22. dxc6 Be6 23. Ne3 Nb6 24. b4 Rfe8 25. a4 Bb3 26. Rb1 Kf8 27. a5 Na4 28. Rxb3 1-0

[Event "Ceske Budejovice op"]
[Site "Ceske Budejovice"]
[Date "2021.07.06"]
[Round "6"]
[White "Vybiral, Zdenek"]
[Black "Balint, Peter1111"]
[Result "1/2-1/2"]
[WhiteElo "2226"]
[BlackElo "1918"]
[PlyCount "70"]
[EventDate "2021.07.01"]
[EventType "swiss"]
[EventRounds "9"]
[EventCountry "CZE"]
[SourceTitle "CBM 203 Extra"]
[Source "ChessBase"]
[SourceDate "2021.09.30"]
[SourceVersion "1"]
[SourceVersionDate "2021.09.30"]
[SourceQuality "1"]

1. c4 e5 2. Nc3 Nf6 3. Nf3 Nc6 4. d4 exd4 5. Nxd4 d5 6. Nxc6 bxc6 7. g3 d4 8. Nb1 Be6 9. Bg2 Bb4+ 10. Nd2 0-0 11. 0-0 Bxd2 12. Bxd2 Bxc4 13. Bxc6 Rb8 14. b3 Bd5 15. Bxd5 Qxd5 16. Bf4 Rbc8 17. Rc1 Rfe8 18. Rc2 c5 19. Qd3 Qe6 20. Qf3 c4 21. bxc4 Rxc4 22. Rfc1 Rxc2 23. Rxc2 Nd5 24. Kg2 h6 25. Rd2 Nc3 26. Rxd4 Nxe2 27. Rd2 Nxf4+ 28. Qxf4 Rc8 29. Qf3 Re8 30. h4 g6 31. h5 a6 32. Rc2 Rd8 33. hxg6 fxg6 34. Rc6 Rd6 35. Rc7 Qd5 1/2-1/2

[Event "Pardubice Czech op-E 31st"]
[Site "Pardubice"]
[Date "2020.09.20"]
[Round "7.4"]
[White "Pulpan, Jakub"]
[Black "Vybiral, Zdenek"]
[Result "1/2-1/2"]
[WhiteElo "2414"]
[BlackElo "2221"]
[PlyCount "67"]
[EventDate "2020.09.17"]
[EventType "team-swiss"]
[EventRounds "7"]
[EventCountry "CZE"]
[SourceTitle "CBM 198 Extra"]
[Source "ChessBase"]
[SourceDate "2020.11.30"]
[SourceVersion "1"]
[SourceVersionDate "2020.11.30"]
[SourceQuality "1"]
[WhiteTeam "Stay Positive"]
[BlackTeam "Ceske Budejovice"]
[WhiteTeamCountry "CZE"]
[BlackTeamCountry "CZE"]

1. e4 e6 2. d4 d5 3. Nd2 a6 4. Ngf3 c5 5. exd5 exd5 6. Be2 Nf6 7. 0-0 Bd6 8. dxc5 Bxc5 9. Nb3 Bb6 10. Bg5 0-0 11. c3 Re8 12. Nfd4 h6 13. Bh4 Nc6 14. Bf3 g5 15. Bg3 Ne4 16. Bxe4 dxe4 17. Qh5 Qf6 18. f4 g4 19. f5 Qg5 20. Qxg5+ hxg5 21. Rae1 Bd7 22. Bf2 Re5 23. Nd2 Rae8 24. Nc4 Bxd4 25. cxd4 Rd5 26. Nb6 Rd6 27. d5 Nb8 28. Bc5 Rf6 29. Be3 Bb5 30. Rf2 Nd7 31. Nxd7 Bxd7 32. Ref1 Rd6 33. Bxg5 e3 34. Rc2 1/2-1/2

[Event "Pardubice Czech op-E 31st"]
[Site "Pardubice"]
[Date "2020.09.19"]
[Round "4.4"]
[White "Cech, Pavel"]
[Black "Vybiral, Zdenek"]
[Result "1-0"]
[WhiteElo "2332"]
[BlackElo "2221"]
[PlyCount "101"]
[EventDate "2020.09.17"]
[EventType "team-swiss"]
[EventRounds "7"]
[EventCountry "CZE"]
[SourceTitle "CBM 198 Extra"]
[Source "ChessBase"]
[SourceDate "2020.11.30"]
[SourceVersion "1"]
[SourceVersionDate "2020.11.30"]
[SourceQuality "1"]
[WhiteTeam "Turnov Zikuda"]
[BlackTeam "Ceske Budejovice"]
[WhiteTeamCountry "CZE"]
[BlackTeamCountry "CZE"]

1. e4 c5 2. Nf3 d6 3. Bb5+ Nd7 4. 0-0 a6 5. Bd3 Ngf6 6. c3 e5 7. Bc2 Be7 8. a4 b6 9. d4 0-0 10. Nbd2 Bb7 11. d5 g6 12. Re1 Nh5 13. Nf1 Bf6 14. Ne3 Bg7 15. c4 Bc8 16. a5 b5 17. b4 cxb4 18. Bd2 b3 19. Bxb3 Nc5 20. cxb5 axb5 21. Nf1 f5 22. Ng5 Nf4 23. Bxf4 exf4 24. Ne6 Bxe6 25. dxe6 Qe7 26. Bd5 fxe4 27. Bxa8 Rxa8 28. Qd5 Ra6 29. Ra2 b4 30. Nd2 Bc3 31. Rd1 e3 32. fxe3 fxe3 33. Ne4 Qxe6 34. Qxe6+ Nxe6 35. Nxc3 bxc3 36. Rd3 e2 37. Kf2 c2 38. Rxc2 Rxa5 39. Rxd6 Rf5+ 40. Kxe2 Nf4+ 41. Ke3 Nd5+ 42. Kd4 Ne7 43. Rc7 Rf7 44. Ke4 Kg7 45. Re6 Nf5 46. Rxf7+ Kxf7 47. Ra6 h5 48. Kf4 Ng7 49. Kg5 Ne6+ 50. Rxe6 Kxe6 51. Kxg6 1-0

[Event "CZE-ch"]
[Site "Plzen"]
[Date "2020.08.30"]
[Round "8"]
[White "Laurincova, Kristyna"]
[Black "Vybiral, Zdenek"]
[Result "0-1"]
[WhiteElo "2008"]
[BlackElo "2221"]
[PlyCount "50"]
[EventDate "2020.08.23"]
[EventType "swiss"]
[EventRounds "9"]
[EventCountry "CZE"]
[SourceTitle "CBM 198 Extra"]
[Source "ChessBase"]
[SourceDate "2020.11.30"]
[SourceVersion "1"]
[SourceVersionDate "2020.11.30"]
[SourceQuality "1"]

1. e4 e6 2. d4 d5 3. Nd2 a6 4. Ngf3 c5 5. exd5 exd5 6. Be2 Nf6 7. 0-0 Bd6 8. dxc5 Bxc5 9. Nb3 Bb6 10. Re1 0-0 11. Nfd4 Nc6 12. Bf4 Re8 13. c3 Ne4 14. Bf3 Qf6 15. Bg3 Bd7 16. Nxc6 Bxc6 17. Nd4 g6 18. Qd3 h5 19. h4 Nxg3 20. fxg3 Qd6 21. Kh2 Bc7 22. Ne2 Bb5 23. c4 Bxc4 24. Qa3 Qxa3 25. bxa3 Ba5 0-1

[Event "CZE-ch"]
[Site "Plzen"]
[Date "2020.08.28"]
[Round "6"]
[White "Vybiral, Zdenek"]
[Black "Folk, Petr"]
[Result "1/2-1/2"]
[WhiteElo "2221"]
[BlackElo "2122"]
[PlyCount "84"]
[EventDate "2020.08.23"]
[EventType "swiss"]
[EventRounds "9"]
[EventCountry "CZE"]
[SourceTitle "CBM 198 Extra"]
[Source "ChessBase"]
[SourceDate "2020.11.30"]
[SourceVersion "1"]
[SourceVersionDate "2020.11.30"]
[SourceQuality "1"]

1. d4 Nf6 2. c4 g6 3. Nc3 Bg7 4. e4 d6 5. f4 0-0 6. Nf3 c5 7. d5 e6 8. dxe6 Bxe6 9. Bd3 Nc6 10. 0-0 Bg4 11. h3 Bxf3 12. Qxf3 Nd4 13. Qf2 a6 14. Be3 Re8 15. Rae1 Nd7 16. Kh1 b5 17. a3 Rb8 18. e5 dxe5 19. f5 Rf8 20. Rd1 Rb6 21. g4 Qb8 22. Qh4 Re8 23. cxb5 axb5 24. Ne4 Qb7 25. Kh2 c4 26. Bb1 Qc6 27. Bh6 Bxh6 28. Qxh6 gxf5 29. Qxc6 Rxc6 30. gxf5 Nf6 31. Nxf6+ Rxf6 32. Be4 Kh8 33. Rc1 Rg8 34. a4 Nb3 35. Rce1 Nd2 36. Rf2 Nxe4 37. Rxe4 bxa4 38. Rxe5 Rg5 39. Rc5 Kg7 40. Ra5 h5 41. Rxa4 Rfxf5 42. Rc2 Rc5 1/2-1/2

[Event "CZE-chT1W 1920"]
[Site "Czech Republic"]
[Date "2020.03.01"]
[Round "9.3"]
[White "Vybiral, Zdenek"]
[Black "Pribyl, Martin"]
[Result "0-1"]
[WhiteElo "2213"]
[BlackElo "2295"]
[PlyCount "80"]
[EventDate "2019.10.20"]
[EventType "team-tourn"]
[EventRounds "11"]
[EventCountry "CZE"]
[SourceTitle "CBM 195 Extra"]
[Source "ChessBase"]
[SourceDate "2020.05.31"]
[SourceVersion "1"]
[SourceVersionDate "2020.05.31"]
[SourceQuality "1"]
[WhiteTeam "Ceske Budejovice"]
[BlackTeam "Praha DP EA Hotels"]
[WhiteTeamCountry "CZE"]
[BlackTeamCountry "CZE"]

1. c4 e5 2. Nc3 Nf6 3. Nf3 Nc6 4. e4 Bb4 5. d3 d6 6. g3 h6 7. Bg2 Bg4 8. h3 Be6 9. 0-0 Bxc3 10. bxc3 Qd7 11. Kh2 g5 12. Ne1 g4 13. h4 Ng8 14. Nc2 f5 15. exf5 Bxf5 16. Ne3 Nge7 17. Rb1 Rb8 18. Nxf5 Qxf5 19. f4 gxf3 20. Bxf3 Qe6 21. Bh5+ Kd8 22. Bf7 Qd7 23. Qh5 Kc8 24. Rf6 Nd8 25. Bxh6 b6 26. Rbf1 Kb7 27. Qf3+ Ka6 28. c5 Nxf7 29. Rxf7 Rxh6 30. c6 Qe6 31. a4 d5 32. Rxe7 Qxe7 33. Qxd5 Qc5 34. Qe4 Qxc6 35. Qxe5 Re8 36. Qf4 Re2+ 37. Kh3 Qg2+ 38. Kg4 Rg6+ 39. Kh5 Rxg3 40. Qxc7 Qd5+ 0-1

[Event "Prague op"]
[Site "Prague"]
[Date "2020.02.17"]
[Round "4"]
[White "Kulhanek, Tomas"]
[Black "Vybiral, Zdenek"]
[Result "1/2-1/2"]
[WhiteElo "2345"]
[BlackElo "2193"]
[PlyCount "100"]
[EventDate "2020.02.14"]
[EventType "swiss"]
[EventRounds "9"]
[EventCountry "CZE"]
[SourceTitle "CBM 195 Extra"]
[Source "ChessBase"]
[SourceDate "2020.05.31"]
[SourceVersion "1"]
[SourceVersionDate "2020.05.31"]
[SourceQuality "1"]

1. e4 e6 2. Qe2 c5 3. Nf3 Nc6 4. c3 Be7 5. g3 Nf6 6. Bg2 d5 7. d3 0-0 8. 0-0 b5 9. e5 Nd7 10. Re1 Qc7 11. h4 a5 12. Bf4 Ba6 13. Nbd2 Rfc8 14. Nf1 b4 15. c4 Nb6 16. Rac1 Qd8 17. N1h2 Ra7 18. Ng5 Bf8 19. b3 Nd4 20. Qg4 Rd7 21. h5 Bb7 22. Nh3 Qc7 23. h6 g6 24. Bg5 dxc4 25. Bxb7 Qxb7 26. dxc4 a4 27. Rb1 Ra8 28. Qe4 axb3 29. axb3 Ra3 30. Qxb7 Rxb7 31. Re3 Nf5 32. Rd3 Rd7 33. Rbd1 Rxd3 34. Rxd3 Nd4 35. Ng4 Nd7 36. Be3 Rxb3 37. Rd1 Nf3+ 38. Kg2 Nfxe5 39. Nxe5 Nxe5 40. Rd8 Rd3 41. Rc8 Rxe3 42. fxe3 Nxc4 43. Kf2 Nd6 44. Rb8 f6 45. Nf4 Kf7 46. Nd3 Ne4+ 47. Kf3 Nd2+ 48. Ke2 Ne4 49. Kf3 Nd2+ 50. Ke2 Ne4 1/2-1/2

[Event "Prague op"]
[Site "Prague"]
[Date "2020.02.15"]
[Round "2"]
[White "Rasik, Vitezslav"]
[Black "Vybiral, Zdenek"]
[Result "0-1"]
[WhiteElo "2462"]
[BlackElo "2193"]
[PlyCount "80"]
[EventDate "2020.02.14"]
[EventType "swiss"]
[EventRounds "9"]
[EventCountry "CZE"]
[SourceTitle "CBM 195 Extra"]
[Source "ChessBase"]
[SourceDate "2020.05.31"]
[SourceVersion "1"]
[SourceVersionDate "2020.05.31"]
[SourceQuality "1"]

1. e4 e6 2. d3 d5 3. Nd2 Nf6 4. Ngf3 c5 5. g3 Nc6 6. Bg2 Be7 7. 0-0 0-0 8. Re1 Qc7 9. e5 Nd7 10. Qe2 b5 11. h4 Bb7 12. Nf1 Rfc8 13. Bf4 Nd4 14. Nxd4 cxd4 15. Rec1 Qb6 16. Nh2 Rc6 17. h5 Rac8 18. Nf3 b4 19. h6 g6 20. Qd2 a5 21. Rab1 a4 22. Bg5 Bf8 23. Bh4 Ba6 24. Bf1 Qc7 25. Re1 Rxc2 26. Qf4 a3 27. bxa3 bxa3 28. Ng5 Nc5 29. Rbc1 Rxa2 30. Qf6 Qe7 31. Nxh7 Qxf6 32. Nxf6+ Kh8 33. Bg5 Nb3 34. Rcd1 Bb5 35. Ng4 Kh7 36. Nf6+ Kh8 37. Ng4 Rac2 38. Nh2 Kh7 39. Nf3 a2 40. g4 Bxh6 0-1

[Event "CZE-chT2A 1920"]
[Site "Czech Republic"]
[Date "2020.02.09"]
[Round "8.1"]
[White "Vybiral, Zdenek"]
[Black "Trichkov, Vasil"]
[Result "1-0"]
[WhiteElo "2231"]
[BlackElo "2319"]
[PlyCount "45"]
[EventDate "2019.10.13"]
[EventType "team-tourn"]
[EventRounds "11"]
[EventCountry "CZE"]
[SourceTitle "EXT 2024"]
[Source "ChessBase"]
[SourceDate "2023.10.10"]
[SourceVersion "1"]
[SourceVersionDate "2023.10.10"]
[SourceQuality "1"]
[WhiteTeam "Tabor"]
[BlackTeam "Praha Bohemians"]
[WhiteTeamCountry "CZE"]
[BlackTeamCountry "CZE"]

1. d4 d5 2. c4 c6 3. cxd5 cxd5 4. Bf4 Nf6 5. Nc3 Nc6 6. e3 a6 7. Rc1 Qb6 8. Bd3 Qxb2 9. Nge2 e6 10. 0-0 Qa3 11. Na4 Nd7 12. e4 dxe4 13. Bxe4 Be7 14. Rc3 Qb4 15. Qc2 Ra7 16. Bd2 Qd6 17. Bxc6 b5 18. Bf4 Qb4 19. Bb8 Rb7 20. Bxb7 Bxb7 21. Rb1 Qa5 22. Bc7 Qxa4 23. Qxa4 1-0